Diferenciace mezd v období ekonomické transformace

Prechodom na trhovú ekonomiku príjmová nerovnosť domácností závisí od diferencovaných príjmov ekonomicky aktívnych členov domácností. Diferenciácia majetková, príjmová a mzdová. Štruktúra celkových peňažných príjmov domácností. Hodnotenie celkovej mzdovej diferenciácie.

Gespeichert in:
Bibliographische Detailangaben
1. Verfasser: Červenková, A.
Weitere Verfasser: Kotýnková, Magdaléna
Format: Buchkapitel
Sprache:Tschechisch
Schlagworte:
Tags: Tag hinzufügen
Keine Tags, Fügen Sie das erste Tag hinzu!

MARC

LEADER 00000naa a2200000 4500
001 r018881
005 20221205102734.9
041 0 |a cze 
044 |a CZ 
245 1 0 |a Diferenciace mezd v období ekonomické transformace  |c A. Červenková, Magdalena Kotýnková 
520 |a Prechodom na trhovú ekonomiku príjmová nerovnosť domácností závisí od diferencovaných príjmov ekonomicky aktívnych členov domácností. Diferenciácia majetková, príjmová a mzdová. Štruktúra celkových peňažných príjmov domácností. Hodnotenie celkovej mzdovej diferenciácie. 
610 2 0 |a diferenciácia mzdová 
610 2 0 |a domácnosti 
610 2 0 |a príjmy rodinné 
610 2 0 |a príjmy sociálne 
610 2 0 |a príjmy vedľajšie 
610 2 0 |a hospodárstvo trhové 
100 1 |a Červenková, A. 
700 1 |a Kotýnková, Magdaléna